A Guide to old Kona / (Record no. 18919)
[ view plain ]
| 000 -LEADER | |
|---|---|
| fixed length control field | 00381cam a2200145Ia 4500 |
| 020 ## - INTERNATIONAL STANDARD BOOK NUMBER | |
| ISBN | 082482010X |
| 020 ## - INTERNATIONAL STANDARD BOOK NUMBER | |
| ISBN | 9780824820107 |
| 040 ## - CATALOGING SOURCE | |
| Transcribing agency | VYF |
| 082 00 - DEWEY DECIMAL CLASSIFICATION NUMBER | |
| Classification number | 919 THE 1998 C154 Or. |
| 245 02 - TITLE STATEMENT | |
| Title | A Guide to old Kona / |
| 260 ## - PUBLICATION, DISTRIBUTION, ETC. (IMPRINT) | |
| Place of publication | Kalukalu, Hawai'i : |
| Name of publisher | The Society, |
| Year of publication | c1998. |
| 300 ## - PHYSICAL DESCRIPTION | |
| Number of Pages | viii, 72 p. : |
| Other physical details | ill., maps ; |
| Dimensions | 23 cm. |
| 710 2# - ADDED ENTRY--CORPORATE NAME | |
| Corporate name or jurisdiction name as entry element | Kona Historical Society. |
| 942 ## - ADDED ENTRY ELEMENTS (KOHA) | |
| Koha item type | ADB |
| 952 ## - LOCATION AND ITEM INFORMATION (KOHA) | |
| Withdrawn status [LOCAL, KOHA] | 0 |
| Koha item type | Source of acquisition | Lost status | Permanent Location | Current Location | Date acquired | Full call number |
|---|---|---|---|---|---|---|
| សៀវភៅភាសាអង់គ្លេស | A39352 | Library Block C | Library Block C | 2020-02-11 | 919 THE 1998 C154 Or. |